000 01051nam a2200277 4500
001 107512
003 ES-MaACL
005 20250816053746.0
007 t|
008 061121s1984 sp r ||||1| spa d
020 _a84-7593-000-X
100 1 _aMorrison, Philip.
_983688
245 1 0 _aPotencias de diez :
_blibro que trata del tamaño relativo de los objetos del universo y del efecto que produce añadir otro cero /
_cPhilip Morrison, Phylis Morrison y The Office of Charles and Ray Eames ; traducción de Luis Bou.
260 _aBarcelona :
_bLabor,
_c1984.
300 _a150 p. :
_bil. col. ;
_c24 cm.
490 1 _aBiblioteca Scientific American
650 0 0 _aRelatividad (Física)
_916793
700 1 _aMorrison, Phylis.
_983689
700 1 _aEames, Charles,
_d1907-1978
_946436
700 1 _aEames, Ray,
_d1907-1978
_946437
700 1 _aBou García, Luis.
_930816
710 2 _aScientific American.
_96515
830 1 _aBiblioteca Scientific American
_9185613
852 _aES-MaACL
_jL-6030
999 _c107512
_d107512